A very old machine : (Record no. 153804)

MARC details
000 -LEADER
fixed length control field 00628nam a22001937a 4500
005 - DATE AND TIME OF LATEST TRANSACTION
control field 20180711102632.0
010 ## - LCCN (DPL NO)
LC control number ENG-123434
020 ## - INTERNATIONAL STANDARD BOOK NUMBER
International Standard Book Number 9788178245256
Terms of availability 795.00
035 ## - SYSTEM CONTROL NUMBER
System control number EN-106966
037 ## - SOURCE OF ACQUISITION
Source of stock number/acquisition DBAD/PUB
082 ## - DEWEY DECIMAL CLASSIFICATION NUMBER
Classification number 791.430954
100 ## - MAIN ENTRY--PERSONAL NAME
Personal name Mahadevan, Sudhir
245 ## - TITLE STATEMENT
Title A very old machine :
Statement of responsibility, etc by Sudhir Mahadevan
Remainder of title the many origins of the cinema in india /
260 ## - PUBLICATION, DISTRIBUTION, ETC. (IMPRINT)
Place of publication, distribution, etc Ranikhet
Name of publisher, distributor, etc Permanent Black
Date of publication, distribution, etc 2018
270 ## - ADDRESS
Address Himalayana, Mall Road, Ranikhet Cantt.
City Ranikhet
Postal code 263645
300 v# - PHYSICAL DESCRIPTION
Extent xiii,242p.
Dimensions 21cm(Hb)
Other physical details ill.
500 ## - GENERAL NOTE
General note It includes index
942 ## - ADDED ENTRY ELEMENTS (KOHA)
Source of classification or shelving scheme Dewey Decimal Classification
Item type English Books
Call number suffix MAH
Classification part 791.430954
Holdings
Withdrawn status Lost status Not for loan Collection code Home library Current library Date acquired Source of acquisition Cost, normal purchase price Full call number Barcode Copy number Cost, replacement price Koha item type
    Not For Loan Non-fiction D.B.Act.Division Central Library 11/07/2018 DBAD/PUB 795.00 791.430954 MAH EN-106966 1 795.00 English Books

© Delhi Public Library
Hit Counter
free hit counter